Girona FC Squad 2018-2019 - Statistics

General Stats
  • This quiz has been taken 24 times
  • The average score is 18 of 24
Answer Stats
# Position Nation Player % Correct
2 DF Colombia Bernardo Espinosa
100%
7 MF Uruguay Cristhian Stuani
100%
13 GK Morocco Yassine Bounou
100%
23 MF Spain Aleix García
94%
10 MF Spain Borja García
94%
19 MF Honduras Anthony Lozano
88%
15 DF Spain Juanpe
88%
8 MF Spain Pere Pons
88%
6 MF Spain Álex Granell
82%
12 MF Brazil Douglas Luiz
82%
3 DF Colombia Johan Mojica
82%
14 DF Spain Raúl Carnero
82%
- Coach Spain Eusebio Sacristán
76%
1 GK Spain Gorka Iraizoz
76%
9 MF Spain Portu
76%
11 DF Spain Aday Benítez
71%
5 DF Spain Pedro Alcalá
71%
22 MF Ivory Coast Seydou Doumbia
71%
17 MF England Patrick Roberts
59%
29 DF Spain Pedro Porro
59%
34 MF Spain Valery Fernández
59%
20 DF Spain Marc Muniesa
53%
4 DF Spain Jonás Ramalho
47%
21 DF Spain Carles Planas
29%
No matching quizzes found
Score Distribution
Percent of People with Each Score
Percentile by Number Answered
Your Score History
You have not taken this quiz